000 01153nam a2200313 i 4500
003 EG-GICUC
005 20260126120718.0
008 260126t1917 ua ||||fr|||| 00| 0 ara d
040 _a EG-GICUC
_bara
_c EG-GICUC
_d EG-GICUC
_erda
041 0 _aara
082 0 4 _a343.442
_bق ا
_221
092 0 4 _221
099 _aLaw1 10 343.442 ق ا 1917 1006314
110 0 _aوزارة الحربية.
245 0 0 _aقانون الأحكام العسكرية سنة 1893 /
_cوزارة الحربية.
264 3 _aالقاهرة :
_bالمطبعة الأميرية
_c1917.
300 _a229 صفحة ؛
_c24 سم.
_bإيضاحيات، صور، مثيليات ؛
336 _2rda content
_atext
337 _2rda media
_aComputer
338 _2rda carrier
_aOnline Resource
504 _aيشتمل على ارجاعات ببليوجرافية.
546 _aالنص باللغة العربية
650 1 4 _aقانون العقوبات العسكري.
_2qrmak
650 1 4 _aالقانون الجنائي.
_2qrmak
651 1 _2qrmak
856 4 0 _uhttps://fll.law.cu.edu.eg/fulltext/bks/B10-06314.pdf
905 _a18
942 _2ddc
_cBK
_e21
_n0
999 _c59433
_d59433